000
00284nam a2200121Ia 4500
008
190216s9999||||xx |||||||||||||| ||und||
100
_a
Cronin A J
245
4
_a
The Citadel
260
_b
B I Publication
_c
1984
300
_a
361
650
_a
English Novel-English Novel
942
_c
BK
999
_c
13195
_d
13195